Respuestas para el Ideario costarricense /

En esta entrevista sobre el sector agropecuario se desarrollan los siguientes temas: los problemas particulares observados en la actividad agropecuaria costarricense los factores externos e internos que se vinculan con esos problemas, efectos económicos y sociales a raíz de los problemas que tienen...

Celý popis

Uloženo v:
Podrobná bibliografie
Hlavní autor: Páez Pizarro, Fernando (Autor)
Další autoři: Seevera, Ricardo (Autor)
Médium: Neznámo
Jazyk:Spanish
Témata:
Tagy: Přidat tag
Žádné tagy, Buďte první, kdo vytvoří štítek k tomuto záznamu!

MARC

LEADER 00000 a2200000 04500
001 4464
003 cru CIDCACS/IIS
005 20230102095629.0
008 230102b |||||||| |||| 00| 0 spa d
040 |c cru CIDCACS/IIS 
100 1 |9 10860  |a Páez Pizarro, Fernando  |e Autor 
245 1 |a Respuestas para el Ideario costarricense /  |c Fernando Páez Pizarro, Ricardo Seevera 
300 |a páginas 331-333 
520 |a En esta entrevista sobre el sector agropecuario se desarrollan los siguientes temas: los problemas particulares observados en la actividad agropecuaria costarricense los factores externos e internos que se vinculan con esos problemas, efectos económicos y sociales a raíz de los problemas que tienen los productos agropecuarios en el mercado internacional, posibilidad de que el país asimile tales efectos, perspectivas de los productos tradicionales, en el corto y mediano plazo, dentro del mercado internacional las perspectivas, en el plano interno, de los granos básicos, los efectos específicos que podrían tener las políticas globales sobre el sector agropecuario y la congruencia entre las políticas macroeconómicas y sectoriales, contribución que debe dar el sector agropecuario para alcanzar los objetivos de estabilización y crecimiento la pequeña propiedad y el desarrollo y las medidas necesarias para desarrollar la economía campesina los bananeros en Costa Rica, vinculación entre el desarrollo rural y las políticas agropecuarias, correspondencia entre el Programa de Reconversión Productiva y el desarrollo de las actividades productivas, transformaciones que el desarrollo de la biotecnología puede provocar en la estructura agropecuaria nacional el conflicto entre los que propugnan por la ampliación de la frontera agrícola y los que defienden la conservación de los recursos naturales y la preservación del ambiente, papel de la especialización institucional dentro de los objetivos de modernización y aumento de la competitividad de la agricultura, desempeño de las organizaciones de productores y, por último, los programas de apoyo técnico y financiero al productor con financiamiento externo. EB/mb  
650 |a SECTOR AGROPECUARIO  
650 |a DIVERSIFICACION DE EXPORTACIONES  
650 |a PRODUCTOS BASICOS  
650 |a GRANOS BASICOS  
650 |a LIBERALIZACION DEL INTERCAMBIO  
650 |a REFORMA ECONOMICA  
650 |a MODERNIZACION  
650 |a ESTABILIZACION ECONOMICA  
650 |a CRECIMIENTO ECONOMICO  
650 |a DESARROLLO RURAL  
650 |a POLITICA AGRICOLA  
650 |a BIOTECNOLOGIA  
700 1 |9 10861  |a Seevera, Ricardo  |e Autor 
942 |2 ddc  |c LI 
999 |c 11418  |d 11418 
773 0 |0 17141  |9 4797  |a Costa Rica.  |d Heredia: UNA, 1993  |o 22321  |t Ideario Costarricense /  |w (cru CIDCACS/IIS)4416